| 000 | 00646cam a2200169 4500500 | ||
|---|---|---|---|
| 005 | 20260111080339.0 | ||
| 041 | _afre | ||
| 042 | _adc | ||
| 100 | 1 | 0 |
_aHouser, Matthieu _eauthor |
| 245 | 0 | 0 | _aDe l’efficacité des mécanismes de péréquation départementale |
| 260 | _c2019. | ||
| 500 | _a76 | ||
| 690 | _adotations de solidarité-fonds de soutien | ||
| 690 | _afinances locales-budgets des départements-péréquation | ||
| 786 | 0 | _nGestion & Finances Publiques | 5 | 5 | 2019-10-21 | p. 25-34 | 1969-1009 | |
| 856 | 4 | 1 | _uhttps://droit.cairn.info/revue-gestion-et-finances-publiques-2019-5-page-25?lang=fr&redirect-ssocas=7080 |
| 999 |
_c1616195 _d1616195 |
||